| 000 | 00752nam a2200241 i 4500 | ||
|---|---|---|---|
| 001 | 12260 | ||
| 003 | ES-MaACL | ||
| 005 | 20230906150256.0 | ||
| 007 | t| | ||
| 008 | 901129s1988 sp ||||0| gao j | ||
| 016 | 7 | _zSAB9000097437 | |
| 020 | _a84-7492-412-X | ||
| 040 |
_aM-BN-DP _bspa _cM-BN-DP |
||
| 080 | _a869.9-34"19"(082.2) | ||
| 245 | 0 | 0 |
_aPremios Pedrón de Ouro 1987 _b: traballos premiados no XIII Concurso de Narracións Curtas Modesto R. Figueiredo do Pedrón de Ouro. |
| 260 |
_aSada, A Coruña : _bEdiciós do Castro, _c1988. |
||
| 300 |
_a84 p ; _c19 cm. |
||
| 490 | 1 | _aNarrativa | |
| 650 | 1 | 4 |
_aCuentos gallegos- _yS.XX. _911490 |
| 830 | 0 |
_aNarrativa _9177839 |
|
| 852 |
_aES-MaACL _jL-19600 _bR.122260 |
||
| 999 |
_c12260 _d12260 |
||